<?xml version="1.0" encoding="UTF-8"?>
<record
    xmlns:xsi="http://www.w3.org/2001/XMLSchema-instance"
    xsi:schemaLocation="http://www.loc.gov/MARC21/slim http://www.loc.gov/standards/marcxml/schema/MARC21slim.xsd"
    xmlns="http://www.loc.gov/MARC21/slim">

  <leader>01984nam0a2200433 i 4500</leader>
  <controlfield tag="001">RU\NLR\BIBL_A\011682580</controlfield>
  <controlfield tag="005">20241105071831.0</controlfield>
  <datafield tag="010" ind1=" " ind2=" ">
    <subfield code="a">9785984051118</subfield>
  </datafield>
  <datafield tag="035" ind1=" " ind2=" ">
    <subfield code="a">(RuMoRGB)006598995</subfield>
  </datafield>
  <datafield tag="035" ind1=" " ind2=" ">
    <subfield code="a">(NLR Aleph) 011682580</subfield>
  </datafield>
  <datafield tag="090" ind1=" " ind2=" ">
    <subfield code="a">11294863</subfield>
    <subfield code="c">11294863</subfield>
  </datafield>
  <datafield tag="100" ind1=" " ind2=" ">
    <subfield code="a">20180416d2013    km y0rusy50      ca</subfield>
  </datafield>
  <datafield tag="101" ind1="0" ind2=" ">
    <subfield code="a">rus</subfield>
    <subfield code="d">eng</subfield>
  </datafield>
  <datafield tag="102" ind1=" " ind2=" ">
    <subfield code="a">RU</subfield>
  </datafield>
  <datafield tag="105" ind1=" " ind2=" ">
    <subfield code="a">ac||z|||000zy</subfield>
  </datafield>
  <datafield tag="200" ind1="1" ind2=" ">
    <subfield code="a">&#x411;&#x445;&#x430;&#x440;&#x430;&#x442; &#x44F;&#x442;&#x440;&#x430;</subfield>
    <subfield code="e">[&#x441;&#x431;&#x43E;&#x440;&#x43D;&#x438;&#x43A; &#x441;&#x442;&#x430;&#x442;&#x435;&#x439; &#x43E;&#x431; &#x418;&#x43D;&#x434;&#x438;&#x438;]</subfield>
    <subfield code="f">&#x412;&#x435;&#x43B;&#x435;&#x440;&#x438;&#x439; &#x41A;&#x430;&#x448;&#x438;&#x43D;, &#x418;&#x440;&#x438;&#x43D;&#x430; &#x41B;&#x430;&#x43F;&#x442;&#x435;&#x432;&#x430;</subfield>
  </datafield>
  <datafield tag="210" ind1=" " ind2=" ">
    <subfield code="a">&#x41C;&#x43E;&#x441;&#x43A;&#x432;&#x430;</subfield>
    <subfield code="c">&#x412;&#x41A;</subfield>
    <subfield code="d">2013</subfield>
  </datafield>
  <datafield tag="215" ind1=" " ind2=" ">
    <subfield code="a">230, [1] &#x441;., [8] &#x43B;. &#x446;&#x432;. &#x438;&#x43B;., &#x43F;&#x43E;&#x440;&#x442;&#x440;.</subfield>
    <subfield code="c">&#x438;&#x43B;., &#x43F;&#x43E;&#x440;&#x442;&#x440;., &#x442;&#x430;&#x431;&#x43B;.</subfield>
    <subfield code="d">21</subfield>
  </datafield>
  <datafield tag="300" ind1=" " ind2=" ">
    <subfield code="a">&#x420;&#x435;&#x437;. &#x430;&#x43D;&#x433;&#x43B;.</subfield>
  </datafield>
  <datafield tag="300" ind1=" " ind2=" ">
    <subfield code="a">&#x41D;&#x430; 4-&#x439; &#x441;. &#x43E;&#x431;&#x43B;. &#x430;&#x432;&#x442;.: &#x41A;&#x430;&#x448;&#x438;&#x43D; &#x412;.&#x41F;. - &#x438;&#x441;&#x442;&#x43E;&#x440;&#x438;&#x43A;, &#x41B;&#x430;&#x43F;&#x442;&#x435;&#x432;&#x430; &#x418;.&#x410;. - &#x443;&#x447;&#x438;&#x442;&#x435;&#x43B;&#x44C; &#x430;&#x43D;&#x433;&#x43B;. &#x44F;&#x437;.</subfield>
  </datafield>
  <datafield tag="311" ind1=" " ind2=" ">
    <subfield code="a">&#x41F;&#x440;&#x43E;&#x434;&#x43E;&#x43B;&#x436;. &#x43A;&#x43D;.: "&#x421;&#x43B;&#x43E;&#x43D; &#x434;&#x43B;&#x44F; &#x43C;&#x430;&#x445;&#x430;&#x440;&#x430;&#x434;&#x436;&#x438;" &#x438; "&#x41A;&#x43E;&#x43B;&#x43E;&#x441;&#x441; &#x427;&#x430;&#x43D;&#x434;&#x440;&#x430;&#x433;&#x443;&#x43F;&#x442;&#x44B;"</subfield>
  </datafield>
  <datafield tag="320" ind1=" " ind2=" ">
    <subfield code="a">&#x411;&#x438;&#x431;&#x43B;&#x438;&#x43E;&#x433;&#x440;. &#x432; &#x43F;&#x440;&#x438;&#x43C;&#x435;&#x447;. &#x432; &#x43A;&#x43E;&#x43D;&#x446;&#x435; &#x441;&#x442;.</subfield>
  </datafield>
  <datafield tag="488" ind1=" " ind2="0">
    <subfield code="1">2001#$a&#x421;&#x43B;&#x43E;&#x43D; &#x434;&#x43B;&#x44F; &#x43C;&#x430;&#x445;&#x430;&#x440;&#x430;&#x434;&#x436;&#x438;</subfield>
    <subfield code="t">&#x421;&#x43B;&#x43E;&#x43D; &#x434;&#x43B;&#x44F; &#x43C;&#x430;&#x445;&#x430;&#x440;&#x430;&#x434;&#x436;&#x438;</subfield>
  </datafield>
  <datafield tag="488" ind1=" " ind2="0">
    <subfield code="1">2001#$a&#x41A;&#x43E;&#x43B;&#x43E;&#x441;&#x441; &#x427;&#x430;&#x43D;&#x434;&#x440;&#x430;&#x433;&#x443;&#x43F;&#x442;&#x44B;</subfield>
    <subfield code="t">&#x41A;&#x43E;&#x43B;&#x43E;&#x441;&#x441; &#x427;&#x430;&#x43D;&#x434;&#x440;&#x430;&#x433;&#x443;&#x43F;&#x442;&#x44B;</subfield>
  </datafield>
  <datafield tag="606" ind1="1" ind2=" ">
    <subfield code="a">&#x418;&#x441;&#x43A;&#x443;&#x441;&#x441;&#x442;&#x432;&#x43E; &#x438;&#x43D;&#x434;&#x438;&#x439;&#x441;&#x43A;&#x43E;&#x435;</subfield>
    <subfield code="j">&#x421;&#x431;&#x43E;&#x440;&#x43D;&#x438;&#x43A;&#x438;</subfield>
    <subfield code="9">1019892</subfield>
    <subfield code="3">RU\NLR\AUTH\6671871</subfield>
  </datafield>
  <datafield tag="606" ind1="1" ind2=" ">
    <subfield code="a">&#x41F;&#x430;&#x43B;&#x43E;&#x43C;&#x43D;&#x438;&#x447;&#x435;&#x441;&#x442;&#x432;&#x430;</subfield>
    <subfield code="y">&#x418;&#x43D;&#x434;&#x438;&#x44F;</subfield>
    <subfield code="9">2223667</subfield>
    <subfield code="3">RU\NLR\AUTH\661335069</subfield>
  </datafield>
  <datafield tag="607" ind1=" " ind2=" ">
    <subfield code="a">&#x418;&#x43D;&#x434;&#x438;&#x44F;</subfield>
    <subfield code="x">&#x418;&#x441;&#x442;&#x43E;&#x440;&#x438;&#x44F;</subfield>
    <subfield code="9">900439</subfield>
    <subfield code="3">RU\NLR\AUTH\667183</subfield>
  </datafield>
  <datafield tag="607" ind1=" " ind2=" ">
    <subfield code="a">&#x418;&#x43D;&#x434;&#x438;&#x44F;</subfield>
    <subfield code="x">&#x41F;&#x43E;&#x43B;&#x438;&#x442;&#x438;&#x43A;&#x430; &#x438; &#x443;&#x43F;&#x440;&#x430;&#x432;&#x43B;&#x435;&#x43D;&#x438;&#x435;</subfield>
    <subfield code="z">1945 -</subfield>
    <subfield code="9">2390019</subfield>
    <subfield code="3">RU\NLR\AUTH\661425372</subfield>
  </datafield>
  <datafield tag="686" ind1="1" ind2=" ">
    <subfield code="a">&#x429;03(5&#x418;&#x434;)&#x44F;44</subfield>
  </datafield>
  <datafield tag="686" ind1="1" ind2=" ">
    <subfield code="a">&#x422;3(5&#x418;&#x434;)0,02</subfield>
  </datafield>
  <datafield tag="686" ind1="1" ind2=" ">
    <subfield code="a">&#x422;3(5&#x418;&#x434;)63-5</subfield>
  </datafield>
  <datafield tag="686" ind1="2" ind2=" ">
    <subfield code="a">&#x42D;331-576</subfield>
  </datafield>
  <datafield tag="700" ind1=" " ind2="1">
    <subfield code="a">&#x41A;&#x430;&#x448;&#x438;&#x43D;</subfield>
    <subfield code="b">&#x412;. &#x41F;.</subfield>
    <subfield code="g">&#x412;&#x430;&#x43B;&#x435;&#x440;&#x438;&#x439; &#x41F;&#x435;&#x442;&#x440;&#x43E;&#x432;&#x438;&#x447;</subfield>
  </datafield>
  <datafield tag="701" ind1=" " ind2="1">
    <subfield code="a">&#x41B;&#x430;&#x43F;&#x442;&#x435;&#x432;&#x430;</subfield>
    <subfield code="b">&#x418;. &#x410;.</subfield>
    <subfield code="g">&#x418;&#x440;&#x438;&#x43D;&#x430; &#x410;&#x43B;&#x435;&#x43A;&#x441;&#x430;&#x43D;&#x434;&#x440;&#x43E;&#x432;&#x43D;&#x430;</subfield>
  </datafield>
  <datafield tag="942" ind1=" " ind2=" ">
    <subfield code="c">BOOK</subfield>
  </datafield>
  <datafield tag="980" ind1=" " ind2=" ">
    <subfield code="a">NBR</subfield>
  </datafield>
</record>
